000
00273nam a2200109Ia 4500
008
200302s9999 xx 000 0 und d
100
_a
John Thackara
245
_a
Ernst Neufert Architects' Data 2nd ed.,
260
_b
Granada Publishing Co.,
260
_c
1980
300
_a
433 P.,
999
_c
38
_d
38